| 000 | 00691nam a2200169 a 4500 | ||
|---|---|---|---|
| 008 | 120416s1980 ||||||||||||||||| || u | ||
| 050 | _aHD 31 Gle | ||
| 100 | _aWells, Ronald | ||
| 245 | 1 | 4 | _aThe business organisation and it's environment |
| 246 | _awork book 1 | ||
| 260 |
_aLondon _bHeinemann _c1980 |
||
| 350 | _a0.00 | ||
| 650 | 0 | _aMANAGEMENT | |
| 700 | _aGlew, Matthew | ||
| 995 |
_aANNEX COLLECTION (Main Library) _D0.00 _e709029 _FCBU-MAIN LIBRARY (Kitwe) _H1 _I1.95 _jHD 31 Gle _M1 _UAVAILABLE _y000465 _ZAnnex Low-Usage Collection |
||
| 995 |
_aANNEX COLLECTION (Main Library) _D0.00 _e709030 _FCBU-MAIN LIBRARY (Kitwe) _H2 _I1.95 _jHD 31 Gle _M2 _UAVAILABLE _y000468 _ZAnnex Low-Usage Collection |
||
| 999 |
_c79044 _d79044 |
||